000 00473nam a22001697a 4500
005 20250206182758.0
008 250206b |||||||| |||| 00| 0 eng d
020 _a070201365x
050 _aRC372 POR
100 _aPorter, Roger J.
245 _aEpilepsy/
_b100elementary principles
_cRoger J. Porter
250 _a2nd ed.
260 _aLondon
_bW. B. Saunders Company
_c1989
300 _axvi. 193p.
_bill.
_c24cm
500 _aincludes index
942 _2lcc
_cBK
_e2nd ed.
_n0
999 _c3522
_d3522